Southville International School and Colleges
Your cart is empty.
  • Cart
  • Lists
    Public lists Eva Luna New books Lux_list list_1
    Your lists Log in to create your own lists
  • Log in to your account
  • Your cookies
  • Search history
Southville International School and Colleges
  • Advanced search
  • Recent comments
  • Most popular
  • Libraries

Log in to your account

Log in with GOOGLE


If you do not have an external account, but do have a local account, you can still log in:

  1. Home
  2. MARC view: Scat /
Normal view MARC view ISBD view

Scat / (Record no. 287881)

[ view plain ]
MARC details
000 -LEADER
fixed length control field 00587nam a2200193Ia 4500
008 - FIXED-LENGTH DATA ELEMENTS--GENERAL INFORMATION
fixed length control field 150610s9999 xx 000 0 und d
020 ## - INTERNATIONAL STANDARD BOOK NUMBER
International Standard Book Number 9780375834875 (pbk.)
050 ## - LIBRARY OF CONGRESS CALL NUMBER
Classification number PS3558
Item number .I217 S35 2009  
100 ## - MAIN ENTRY--PERSONAL NAME
Personal name Hiaasen, Carl
245 ## - TITLE STATEMENT
Title Scat /
Statement of responsibility, etc Carl Hiaasen.
250 ## - EDITION STATEMENT
Edition statement First trade paperback. edition.
260 ## - PUBLICATION, DISTRIBUTION, ETC. (IMPRINT)
Place of publication, distribution, etc New York :
Name of publisher, distributor, etc Alfred A. Knoff,
Date of publication, distribution, etc 2009.
300 ## - PHYSICAL DESCRIPTION
Extent 371pages ;
Dimensions 21 cm.
520 ## - SUMMARY, ETC.
Summary, etc Fiction.
650 ## - SUBJECT ADDED ENTRY--TOPICAL TERM
Topical term or geographic name as entry element Florida
Topical term following geographic name as entry element Fiction.
650 ## - SUBJECT ADDED ENTRY--TOPICAL TERM
Topical term or geographic name as entry element Missing persons
General subdivision Fiction.
650 ## - SUBJECT ADDED ENTRY--TOPICAL TERM
Topical term or geographic name as entry element Wilderness areas
General subdivision Fiction.
650 ## - SUBJECT ADDED ENTRY--TOPICAL TERM
Topical term or geographic name as entry element Wildlife conservation
Topical term following geographic name as entry element Fiction.
Holdings
Withdrawn status Lost status Damaged status Home library Current library Shelving location Date acquired Total Checkouts Full call number Barcode Date last seen Price effective from Koha item type
      Stonyhurst Southville International School (Batangas) Stonyhurst Southville International School (Batangas) High School Section 06/10/2015   PS3558.I217 S35 2009   US-1502 06/10/2015 06/10/2015 Books

Scat /

APA

Hiaasen C., . (2009). Scat. New York: Alfred A. Knoff.

Chicago

Hiaasen Carl, . 2009. Scat. New York: Alfred A. Knoff.

Harvard

Hiaasen C., . (2009). Scat. New York: Alfred A. Knoff.

MLA

Hiaasen Carl, . Scat. New York: Alfred A. Knoff. 2009.

  • Place hold
  • Print
  • Cite
  • Add to your cart (remove)
  • Save record
    BIBTEX Dublin Core MARCXML MARC (non-Unicode/MARC-8) MARC (Unicode/UTF-8) MARC (Unicode/UTF-8, Standard) MODS (XML) RIS
  • More searches
    Search for this title in:
    Other Libraries (WorldCat) Other Databases (Google Scholar) Online Stores (Bookfinder.com) Open Library (openlibrary.org)

Exporting to Dublin Core...

SOUTHVILLE LIBRARY

Southville International School and Colleges Library

1281 Tropical Ave. Cor. Luxembourg St., BF Homes International, Las Pinas City

Tel. No. 8256374 / 252358 Loc. 117/146

Powered by Koha